Civilización productivista y depredadora: una alternativa /
Збережено в:
| Автор: | |
|---|---|
| Формат: | Текст |
| Предмети: | |
| Теги: |
Додати тег
Немає тегів, Будьте першим, хто поставить тег для цього запису!
|
MARC
| LEADER | 00000 a a2200000 04500 | ||
|---|---|---|---|
| 001 | 14276 | ||
| 003 | |||
| 040 | |||
| 100 | |a Dierckxsens, Wim | ||
| 245 | |a Civilización productivista y depredadora: |b una alternativa / |c Wim Dierckxsens | ||
| 650 | |a ECONOMIA | ||
| 650 | |a SOCIALISMO | ||
| 650 | |a POLITICA ECONOMICA | ||
| 650 | |a NEOLIBERALISMO | ||
| 650 | |a GLOBALIZACION | ||
| 650 | |a AMERICA LATINA | ||
| 773 | |g volumen 12, número 69 -70; páginas 1-44 | ||
| 999 | |c 24286 |d 24286 | ||
